Eurovision Song Lyrics - Germany - Statistics

General Stats
  • This quiz has been taken 21 times
  • The average score is 236 of 500
Answer Stats
Answer % Correct
a
90%
we
90%
We
90%
we)
90%
be
85%
the
80%
The
80%
to
80%
used
80%
are
75%
I
75%
rockstars
75%
an
65%
know
65%
no
65%
where
65%
all
60%
And
60%
and
60%
Who
60%
go
60%
so
60%
So
60%
Who
60%
who
60%
you
60%
back
55%
Look
55%
look
55%
that
55%
time
55%
was
55%
When
55%
when
55%
wish
55%
Wish
55%
do
50%
dreamin'
50%
is
50%
never
50%
there
50%
way
50%
we're
50%
could
45%
days
45%
in
45%
leave
45%
me
45%
my
45%
of
45%
old
45%
Remember
45%
before
40%
'em
40%
fast
40%
good
40%
hard
40%
it
40%
It
40%
just
40%
moving
40%
on
40%
Remembering
40%
thing
40%
get
35%
harm
35%
life
35%
not
35%
this
35%
though
35%
thought
35%
about
30%
But
30%
Can
30%
for
30%
getting
30%
got
30%
I'm
30%
nobody
30%
pause
30%
press
30%
restart
30%
think
30%
better
25%
call
25%
'Cause
25%
chest
25%
damn
25%
(Didn't
25%
gets
25%
give
25%
had
25%
head
25%
if
25%
somebody
25%
Somebody
25%
They
25%
they
25%
'Til
25%
worries
25%
Yeah
25%
being
20%
fall
20%
flaws
20%
how
20%
It's
20%
it's
20%
lost
20%
Now
20%
saw
20%
Sometimes
20%
thinking
20%
afraid
15%
ain't
15%
Always
15%
always
15%
'bout
15%
catch
15%
change
15%
Don't
15%
hittin'
15%
I'd
15%
it'll
15%
kind
15%
make
15%
only
15%
Or
15%
pain
15%
rid
15%
same
15%
saying
15%
sting
15%
sure
15%
thoughts
15%
together
15%
tried
15%
up
15%
voices
15%
wanna
15%
won't
15%
adress
10%
Although
10%
Aren't
10%
away
10%
bed
10%
been
10%
come
10%
couple
10%
else
10%
even
10%
feel
10%
gleamin'
10%
gotten
10%
here
10%
I'll
10%
inside
10%
keep
10%
kinda
10%
mess
10%
myself
10%
pretty
10%
probably
10%
purpose
10%
Reminiscing
10%
sat
10%
sit
10%
stay
10%
stopped
10%
uninvited
10%
weren't
10%
across
5%
convincing
5%
exhausting
5%
far
5%
finds
5%
guest
5%
I'ma
5%
nonetheless
5%
own
5%
place
5%
still
5%
them
5%
caught
0%
count
0%
doubts
0%
innocent
0%
missing
0%
parts
0%
No matching quizzes found
Score Distribution
Percent of People with Each Score
Percentile by Number Answered
Your Score History
You have not taken this quiz